Understanding business / (Record no. 1005)
[ view plain ]
| 000 -LEADER | |
|---|---|
| fixed length control field | 00800cam a2200229 a 4500 |
| 020 ## - INTERNATIONAL STANDARD BOOK NUMBER | |
| ISBN | 025621980X (alk. paper) |
| 020 ## - INTERNATIONAL STANDARD BOOK NUMBER | |
| ISBN | 0073039756 (annotated instructor's ed. : alk. paper) |
| 020 ## - INTERNATIONAL STANDARD BOOK NUMBER | |
| ISBN | 007365714X (Business Week ed. : alk. paper) |
| 050 00 - CALL NUMBER | |
| Classification number | HD31 |
| Item number | .N4897 |
| 100 1# - AUTHOR | |
| Personal name | Nickels, William G. |
| 245 10 - TITLE | |
| Title | Understanding business / |
| Statement of responsibility, etc | William G. Nickels, James M. McHugh, Susan M. McHugh. |
| 250 ## - EDITION | |
| Edition statement | 5th ed. |
| 260 ## - PUBLICATION INFORMATION | |
| Place of publication | Boston : |
| Name of publisher | Irwin/McGraw-Hill, |
| Year of publication | c1999. |
| 300 ## - DESCRIPTION | |
| Number of Pages | 1 v. (various pagings) : |
| Other physical details | ill. (some col.), col. map ; |
| Dimensions | 29 cm. + |
| Accompanying material | 1 computer disk (3 1/2 in.) |
| 500 ## - NOTES | |
| General note | includes index. |
| 650 #0 - SUBJECTS | |
| Topical Term | Industrial management. |
| 650 #0 - SUBJECTS | |
| Topical Term | Business. |
| 650 #0 - SUBJECTS | |
| Topical Term | Business |
| General subdivision | Vocational guidance. |
| 700 1# - OTHER AUTHORS | |
| Personal name | McHugh, James M. |
| 700 1# - OTHER AUTHORS | |
| Personal name | McHugh, Susan M. |
| 942 ## - ADDED ENTRY ELEMENTS (KOHA) | |
| Koha item type | Books |
| Withdrawn status | Lost status | Home library | Current library | Date acquired | Full call number | Accession Number | Koha item type | Shelving location | Collection code |
|---|---|---|---|---|---|---|---|---|---|
| Methodist University Library Main | Methodist University Library Main | 20/07/2002 | HD31 .N4897 | 23201 | Books | General Stacks | Non-fiction | ||
| Methodist University Library Main | Methodist University Library Main | 20/07/2002 | HD31 .N4897 | 25286 | Books | General Stacks | Non-fiction | ||
| Methodist University Library Main | Methodist University Library Main | 20/07/2002 | HD31 .N4897 | 23248 | Books | General Stacks | Non-fiction | ||
| Methodist University Library Tema | Methodist University Library Tema | 03/07/2002 | HD31 .N4897 | 21168 | Books | General Stacks | |||
| Methodist University Library Tema | Methodist University Library Tema | 04/04/2006 | HD31 .N4897 | 21165 | Books | General Stacks | |||
| Methodist University Library Tema | Methodist University Library Tema | 04/07/2002 | HD31 .N4897 | 21166 | Books | General Stacks | |||
| Methodist University Library Tema | Methodist University Library Tema | 06/04/2006 | HD31 .N4897 | 21167 | Books | General Stacks | |||
| Methodist University Library Wenchi Faculty | Methodist University Library Wenchi Faculty | 17/11/2017 | HD31 .N4897 | 25285 | Books |